| 000 | 003880000a22001570004500 | ||
|---|---|---|---|
| 001 | 000379 | ||
| 003 | MACL | ||
| 040 | _aMACL | ||
| 090 |
_c379 _d379 |
||
| 100 | _aRay, Sibnarayan | ||
| 245 |
_aSnow C̜apped Peaks And Darkening Shadows _bEssays In Literary Criticism _cSibnarayan Ray |
||
| 260 |
_aMinerva Associates, _c1999 |
||
| 350 | _a200 | ||
| 650 | _aLiterature | ||
| 942 |
_k814 _cBook |
||
| 999 |
_c49686 _d49686 |
||